LIBRARY & INFORMATION CENTRE, KCAET, TAVANUR

ONLINE PUBLIC ACCESS CATALOGUE (OPAC)

Modification and performance evaluation of existing knapsack sprayer to a back spray broad coverage boom (Record no. 15323)

MARC details
000 -LEADER
fixed length control field 00439nam a22001337a 4500
082 ## - DEWEY DECIMAL CLASSIFICATION NUMBER
Classification number 631.37
Item number ANU/MO
100 ## - MAIN ENTRY--AUTHOR NAME
Personal name ANU RAY MATHEW
245 ## - TITLE STATEMENT
Title Modification and performance evaluation of existing knapsack sprayer to a back spray broad coverage boom
260 ## - PUBLICATION, DISTRIBUTION, ETC. (IMPRINT)
Place of publication Tavanur
Name of publisher Kelappaji College of Agricultural Engineering and Technology
Year of publication 1991
300 ## - PHYSICAL DESCRIPTION
Number of Pages 63
500 ## - GENERAL NOTE
General note Thesis
700 ## - ADDED ENTRY--PERSONAL NAME
Personal name Bim Prasad Shrestha
942 ## - ADDED ENTRY ELEMENTS (KOHA)
Koha item type Theses
Holdings
Withdrawn status Lost status Damaged status Home library Current library Date acquired Full call number Accession Number Koha item type Public note
      KAUAET KAUAET 03/03/2018 631.37 ANU/MO 17785 Theses M.Tech Thesis
free website counter